000 00486nam a2200181Ia 4500
003 OSt
005 20230601171432.0
008 210423s2006 xx 000 0 und d
040 _cAL
041 _aeng
082 _a658
_223
_bWERS
100 _aWERTHER (W).
_9118344
245 _aStrategic corparate social responsibility.
260 _aNew Delhi
_bSage Publications
_c2006
365 _b550
_cINR
906 _acorparate ; responsibility. ; social ; Strategic
942 _2ddc
_cBK
999 _c175584
_d175584